|
|
|
|
| LEADER |
00000nam a2200000 a 4500 |
| 001 |
vtls009319584 |
| 003 |
SK-MaSNL |
| 005 |
20260301125548.0 |
| 008 |
240318s2007 xo oa e p 000 0 slo |
| 015 |
|
|
|a SNBA2008/07-03912
|
| 020 |
|
|
|a 9788080632779
|q (brož.)
|
| 035 |
|
|
|a FD61B0A2-D497-4CA3-9AEC-46C65AF8BE1E
|
| 035 |
|
|
|a urn:nbn:sk:snk-aml366
|
| 035 |
|
|
|a urn:nbn:sk:snk-am008l90
|
| 040 |
|
|
|a SNK
|b slo
|c SNK
|e AACR2
|
| 041 |
0 |
|
|a slo
|
| 044 |
|
|
|a xo
|c SK
|
| 072 |
|
7 |
|a 617
|x Ortopédia. Chirurgia. Oftalmológia
|2 konspekt
|
| 072 |
|
7 |
|a 37.016
|x Učebné osnovy. Vyučovacie predmety. Učebnice
|2 konspekt
|
| 080 |
|
|
|a 617.3-77
|2 2001
|
| 080 |
|
|
|a 615.477.1/.5
|2 2001
|
| 080 |
|
|
|a (075.3)
|2 2001
|
| 080 |
|
|
|a 685.348.4
|2 2001
|
| 080 |
|
|
|a 001.126-029:6
|2 2001
|
| 100 |
1 |
|
|a Štaiglová, Šarlota
|4 aut
|9 475721
|
| 245 |
1 |
0 |
|a Technológia zhotovovania ortopedicko-protetických pomôcok
|b materiály na zhotovovanie obuvi
|c Šarlota Štaiglová
|
| 250 |
|
|
|a [1. vyd.]
|
| 260 |
|
|
|a Martin
|b Osveta
|c c2007
|
| 300 |
|
|
|a 92 s.
|b fareb. fotogr., ilustr.
|c 21 cm
|
| 504 |
|
|
|a Bibliogr. s. 92
|
| 650 |
0 |
7 |
|a ortopedická protetika
|2 SNKPH
|9 100969
|
| 650 |
0 |
7 |
|a ortopedické pomôcky
|2 SNKPH
|9 66401
|
| 650 |
0 |
7 |
|a ortopedická obuv
|2 SNKPH
|9 50841
|
| 650 |
0 |
7 |
|a technológia
|2 SNKPH
|9 66619
|
| 655 |
|
7 |
|a učebnice stredných škôl
|2 SNKPH
|9 69323
|
| 852 |
|
|
|a Slovenská národná knižnica
|
| 919 |
|
|
|a 978-80-8063-277-9
|
| 958 |
|
|
|a NB
|
| 958 |
|
|
|a OND
|
| 999 |
|
|
|c 742811
|d 744741
|
| 952 |
|
|
|a SNK
|b SNK
|y PREZ
|7 0
|p 17A0595783
|o snkSC 132626
|i snk2008/15129
|8 0
|0 0
|1 0
|4 0
|d 2008-08-08
|f 1
|l 0
|r 2025-06-24 00:00:00
|w 2026-02-23
|
| 952 |
|
|
|a SNK
|b SNK
|y VYP
|7 0
|p 17A0595784
|o snkSC 132626 D1
|i snk2008/15131
|8 0
|0 0
|1 0
|4 0
|d 2008-08-08
|l 0
|r 2026-02-23 23:05:38
|w 2026-02-23
|